Dinero, comercio internacional y crecimiento económico (Registro nro. 4173)

Detalles MARC
000 -LEADER
fixed length control field 01111 a2200193 4500
001 - CONTROL NUMBER
control field 46276
005 - DATE AND TIME OF LATEST TRANSACTION
control field 20260407155735.0
008 - FIXED-LENGTH DATA ELEMENTS--GENERAL INFORMATION
fixed length control field 260407a1965 arg spa d
003 - CONTROL NUMBER IDENTIFIER
control field AR-UNSa-BCEJYS
040 ## - CATALOGING SOURCE
Original cataloging agency AR-UNSa-BCEJYS
Language of cataloging spa
Transcribing agency AR-UNSa-BCEJYS
080 ## - UNIVERSAL DECIMAL CLASSIFICATION NUMBER
Universal Decimal Classification number 330.35
Common auxiliary subdivision Crecimiento económico
100 1# - MAIN ENTRY--PERSONAL NAME
Personal name Johnson, Harry G.
245 10 - TITLE STATEMENT
Title Dinero, comercio internacional y crecimiento económico
264 #1 - PRODUCTION, PUBLICATION, DISTRIBUTION, MANUFACTURE, AND COPYRIGHT NOTICE
Place of production, publication, distribution, manufacture Madrid :
Name of producer, publisher, distributor, manufacturer Ediciones Rialp
Date of production, publication, distribution, manufacture, or copyright notice 1965
300 ## - PHYSICAL DESCRIPTION
Extent 220 p.
Dimensions 24 cm.
505 ## - FORMATTED CONTENTS NOTE
Formatted contents note Primera Parte: Comercio Internacional y crecimiento: 1. Balanza de pagos – 2. Costes comparativos y política comercial – 3. La teoría económica de la unión aduanera – 4. Desarrollo económico y comercio internacional – Segunda Parte: Dinero: Teoría Monetaria y Economía Keynesiana – 6. La “Teoría General”, después de veinticinco años – Tercera Parte: Crecimiento económico: 7. La planificación y el mercado en el desarrollo económico – 8. La economía, política de opulencia – 9. La política social de una sociedad opulenta –
590 ## - LOCAL NOTE (RLIN)
Local note niveau_biblio:m niveau_hierar:0
942 ## - ADDED ENTRY ELEMENTS (KOHA)
Koha item type
Existencias
Withdrawn status Lost status Damaged status Not for loan Home library Current library Shelving location Date acquired Total checkouts Full call number Barcode Date last seen Price effective from Koha item type
        Biblioteca Prof. Eusebio Cleto del Rey Biblioteca Prof. Eusebio Cleto del Rey   07/04/2026   330.35 J65 L22445 07/04/2026 07/04/2026 Libro
        Biblioteca Prof. Eusebio Cleto del Rey Biblioteca Prof. Eusebio Cleto del Rey   07/04/2026   330.35 J65 L22372 07/04/2026 07/04/2026 Libro
        Biblioteca Prof. Eusebio Cleto del Rey Biblioteca Prof. Eusebio Cleto del Rey   07/04/2026   330.35 J65 L22371 07/04/2026 07/04/2026 Libro